000 00600nam a2200205Ia 4500
008 151119s9999||||xx |||||||||||||| ||und||
082 _a796.358
082 _bGKKV5634
100 _aपंडित बाळ
245 _aअसे सामने असे खेळाडू
260 _a--
260 _b--
260 _c0
300 _a185Pp.
600 _aपंडित बाळ
630 _aअसे सामने असे खेळाडू
700 _aपंडित बाळ
730 _aअसे सामने असे खेळाडू
942 _cBOOK
999 _c1060639
_d1060636